000 01154nam a22003257i 4500
003 EG-GICUC
005 20260228113416.0
008 260204s2000 fr ||||fr|||| 000 0 fre d
020 _a9041116478
040 _aEG-GiCUC
_bfre
_cEG-GiCUC
_dEG-GiCUC
_eRda
041 0 _afre
082 0 4 _221
_a341.8
_bIC . I
092 0 4 _221
099 _aLaw1 12 341.8 IC . I 2000
110 _kInternational council for commercial arbitration
245 0 0 _aInternational arbitration and national courts: the never ending story /
_cInternational council for commercial arbitration.
264 _aDelhi :
_bInternational council for commercial arbitration,
_c2000.
300 _a255 page ;
_c 24 cm.
336 _2rda contenu
_a texte
337 _2rda medias
_aOrdinateur
338 _2 transporteur rda
_a Ressource en ligne
504 _aComprend des références bibliographiques.
546 _aTexte en français
650 1 0 _aDroit international privé
_2qrmak
651 1 _2qrmak
700 1 _aAlbert jan van den berg
_eÉditeur
856 4 0 _uhttps://fll.law.cu.edu.eg/fulltext/bks/B12-02103.pdf
905 _a78
_eYara
942 _2ddc
_cBK
_e21
_n0
999 _c60845
_d60845